000 01967nam0a2200361 4500
001 RU\NLR\BIBL_A\022628383
005 20260408234934.0
010 _a978-5-88503-852-2
_91200
035 _a(NLR Aleph) 022628383
090 _a13470036
_c13470036
100 _a20250923d2025 u y0rusy50 ca
101 1 _arus
_aara
_cara
_aara
102 _aRU
105 _ay w 000yy
181 0 _ai4
_baxxe
182 0 _an
200 1 _aЖемчужины ал-Бухари
_eхадисы Пророка с комментариями ал-Касталани
_fИмам ал-Бухари
_gперевод [с арабского]: Таджуддин-хаджи Казибеков
203 _aТекст
_bвизуальный
_cнепосредственный
210 _aМосква
_aСанкт-Петербург
_cДиля
_d2025
215 _a314 с.
_d24
300 _aВ вып. дан. авт.: Ал-Бухари Мухаммад ибн Исмā‘йл; на с. 4: Абу ‘Абд Аллāх ибн Мухаммад ибн Ибрахим ибн ал-Мугира ибн Бардизба ал-Джуфи
300 _aЧасть текста араб.
500 _aХадисы Пророка
_3RU\NLR\AUTH\559208
_92631235
606 1 _aХадисы
_xТолкование
_92398256
_3RU\NLR\AUTH\661429761
686 1 _aЭ38-220.9,12
700 1 _8rus
_7ca
_aБухари
_bА.-А.-М. аль
_f810-870
_gАбу-Абдаллах-Мухаммед аль
_3RU\NLR\AUTH\7710815
_9120579
702 1 _4730
_8rus
_7ca
_aКазибеков
_bТ.-хаджи
_gТаджуддин-хаджи
_3RU\NLR\AUTH\77114864
_997789
702 0 _4280
_8rus
_7ca
_aМухаммед
_cпророк
_fок.570-632
_3RU\NLR\AUTH\779947
_9119736
702 1 _4210
_8rus
_7ca
_aКасталани
_bА. ибн А. Б. ал
_fок.1454-ок.1517
_gАхмад ибн Абу Бакр ал
_3RU\NLR\AUTH\77105588
_988513
942 _cBOOK
980 _aNB